000 00995cam a2200265 i 4500
005 20160214092900.0
008 111216s2008 ck ado r 000 0 spa d
015 _aSSS
020 _a9588320658
020 _a9789588320656
040 _aCO-BoBLA
_cCO-BoBLA
_dCO-BoPUJ
_dCO-BoIAVH
041 0 _aspa
043 _as-ck---
082 0 4 _a639.4
_bB61b
245 0 0 _aBiología y cultivo de los pectínidos de interés comercial de Colombia /
_cLuz Adriana Velasco Cifuentes, editor.
260 _a[Santa Marta] :
_bFondo de Publicaciones de la Universidad del Magdalena,
_c2008.
300 _a258 páginas :
_bilustraciones, diagramas, fotos, gráficas y tablas ;
_c24 cm.
504 _aIncluye referencias bibliográficas.
650 1 4 _aBivalvos
_zColombia
650 2 4 _aVieiras
_zColombia
650 2 4 _aCultivo de bivalvos
_zColombia
650 2 4 _aCultivo de vieiras
_zColombia
700 1 _aVelasco Cifuentes, Luz Adriana,
_eeditora.
942 _2ddc
_cLIBRO
999 _c7166
_d7166